| 000 | 01027nam a2200265 a 4500 | ||
|---|---|---|---|
| 001 | 000020647 | ||
| 003 | OSt | ||
| 005 | 20201125103547.0 | ||
| 008 | 091006s2019 dr c 000 0 spa d | ||
| 020 | _a9789945614916 | ||
| 040 |
_aDO-SdBNP _bspa _cBNPHU |
||
| 082 |
_a796.0797293 _bV145e _222 |
||
| 100 | 1 |
_aValdez Pérez, Antonio _943383 |
|
| 245 | 1 | 0 |
_aEducación física bajo sol, lluvia y sombra : _borigen y evolución y desarrollo en República Dominicana / _cAntonio Valez Pérez ; prólogo Nelson Acevedo. |
| 260 |
_aSanto Domingo : _bSantuario, _c2019. |
||
| 300 |
_a149 p. ; : _bil., retrs. ; _c23 cm. |
||
| 500 | _aIncluye datos biográficos del autor en la solapa de la cubierta | ||
| 590 | _aInventariado, 2020/VM | ||
| 650 | 4 |
_aEducación física _xEnseñanza _xMetodología _zRepública Dominicana _943384 |
|
| 650 | 4 |
_aDeportes _xEnseñanza _943385 |
|
| 650 | 4 |
_aEducación física _xHistoria _zRepública Dominicana _943386 |
|
| 700 | 1 |
_aAcevedo, Nelson _epról. _943387 |
|
| 910 | _aVMateo | ||
| 942 |
_2ddc _cLBS1 |
||
| 999 |
_c20151 _d20151 |
||